[Event "Oberliga Ost-B 2324"]
[Site "Germany"]
[Date "2024.01.13"]
[Round "4.3"]
[White "Dietz, Holger"]
[Black "Dorst, Johannes"]
[Result "1-0"]
[WhiteElo "2263"]
[BlackElo "2242"]
[PlyCount "155"]
[EventDate "2023.10.22"]
[EventType "team-tourn"]
[EventRounds "11"]
[EventCountry "GER"]
[SourceTitle "EXT 2025"]
[Source "ChessBase"]
[SourceDate "2024.10.14"]
[SourceVersion "1"]
[SourceVersionDate "2024.10.14"]
[SourceQuality "1"]
[WhiteTeam "Gernsheim"]
[BlackTeam "Marburg"]
[WhiteTeamCountry "GER"]
[BlackTeamCountry "GER"]

1. e4 c5 2. Nf3 Nc6 3. Bb5 g6 4. 0-0 Bg7 5. Re1 Nf6 6. c3 0-0 7. d4 d5 8. exd5 Qxd5 9. dxc5 Qxc5 10. Na3 Rd8 11. Qa4 Ng4 12. Be3 Nxe3 13. Rxe3 Bf5 14. Rae1 Bf6 15. b4 Qd6 16. Nc4 Qc7 17. Bxc6 bxc6 18. Nce5 c5 19. Nc6 Re8 20. b5 a6 21. bxa6 Kf8 22. Nce5 Bc8 23. Qf4 Kg8 24. Nxg6 Qxf4 25. Nxf4 Rd8 26. Nh5 Be6 27. Nxf6+ exf6 28. h3 Rxa6 29. R1e2 Kf8 30. Nd2 Rxa2 31. Ne4 Ra1+ 32. Kh2 c4 33. Nxf6 Kg7 34. Nh5+ Kf8 35. g4 Rc1 36. Nf4 Bc8 37. Kg3 Ba6 38. Ra2 Rd6 39. Ra5 h6 40. Rae5 Rd8 41. Rc5 Rc8 42. Rce5 Rg1+ 43. Kh4 Rf1 44. Rf5 Rc6 45. Ne6+ Kg8 46. Nd4 Rc7 47. Rf6 Bc8 48. Nb5 Rc5 49. Nd4 Kg7 50. Rf4 Rc7 51. Re8 Rc1 52. Rf3 Bb7 53. Rfe3 Rf1 54. Nf5+ Kh7 55. R8e7 Rxe7 56. Rxe7 Bg2 57. Rxf7+ Kg6 58. Rf8 Rc1 59. Rh8 Rxc3 60. Rxh6+ Kf7 61. Ne3 Be4 62. Kg5 Rc1 63. Rd6 c3 64. Rd4 Bb1 65. Rc4 Ke6 66. h4 Ba2 67. Ra4 Bb3 68. Ra6+ Ke5 69. Rc6 Kd4 70. h5 Rh1 71. Kg6 Ba2 72. h6 Bb1+ 73. Kg7 Rh2 74. Rf6 Ke5 75. g5 Rh5 76. g6 Rxh6 77. f4+ Ke4 78. Re6+ 1-0

[Event "Oberliga Ost-B 2324"]
[Site "Germany"]
[Date "2023.12.02"]
[Round "2.3"]
[White "Plenca, Julian"]
[Black "Dietz, Holger"]
[Result "1-0"]
[WhiteElo "2412"]
[BlackElo "2264"]
[PlyCount "53"]
[EventDate "2023.10.22"]
[EventType "team-tourn"]
[EventRounds "11"]
[EventCountry "GER"]
[SourceTitle "EXT 2025"]
[Source "ChessBase"]
[SourceDate "2024.10.14"]
[SourceVersion "1"]
[SourceVersionDate "2024.10.14"]
[SourceQuality "1"]
[WhiteTeam "Hofheim II"]
[BlackTeam "Gernsheim"]
[WhiteTeamCountry "GER"]
[BlackTeamCountry "GER"]

1. e4 e6 2. d4 d5 3. e5 c5 4. c3 Bd7 5. Nf3 Qb6 6. Bd3 cxd4 7. Nxd4 Nc6 8. Nxc6 bxc6 9. 0-0 Ne7 10. Qe2 Rb8 11. Nd2 c5 12. c4 Nc6 13. f4 Be7 14. Kh1 Qc7 15. Nf3 Nb4 16. Bb1 dxc4 17. Nd2 c3 18. bxc3 Nd5 19. Ne4 0-0 20. c4 Nb4 21. Nf6+ Bxf6 22. Bxh7+ Kxh7 23. Qh5+ Kg8 24. exf6 Nd5 25. cxd5 Qd8 26. fxg7 Kxg7 27. Qg4+ 1-0

[Event "Oberliga Ost-B 2223"]
[Site "Germany"]
[Date "2023.02.04"]
[Round "6.2"]
[White "Dietz, Holger"]
[Black "Peng, Li Min"]
[Result "1/2-1/2"]
[WhiteElo "2274"]
[BlackElo "2540"]
[PlyCount "47"]
[EventDate "2022.09.18"]
[EventType "team-tourn"]
[EventRounds "11"]
[EventCountry "GER"]
[SourceTitle "EXT 2025"]
[Source "ChessBase"]
[SourceDate "2024.10.14"]
[SourceVersion "1"]
[SourceVersionDate "2024.10.14"]
[SourceQuality "1"]
[WhiteTeam "Gernsheim"]
[BlackTeam "Bad Emstal/Wolfhagen"]
[WhiteTeamCountry "GER"]
[BlackTeamCountry "GER"]

1. c4 Nf6 2. g3 e6 3. Bg2 d5 4. d4 Be7 5. Nf3 0-0 6. 0-0 Nbd7 7. Qc2 a5 8. Nbd2 c5 9. b3 b6 10. e4 Bb7 11. e5 Ne4 12. Bb2 Nxd2 13. Nxd2 cxd4 14. cxd5 Rc8 15. Qd1 Bxd5 16. Bxd5 exd5 17. Bxd4 Nc5 18. Nf3 Qd7 19. Rc1 Rc6 20. Qe2 Qg4 21. Rfd1 Rfc8 22. Bxc5 Rxc5 23. Rxc5 Rxc5 24. Kg2 1/2-1/2

[Event "Oberliga Ost-B 2223"]
[Site "Germany"]
[Date "2022.10.23"]
[Round "3.2"]
[White "Mueller, Magnus"]
[Black "Dietz, Holger"]
[Result "1/2-1/2"]
[WhiteElo "2013"]
[BlackElo "2274"]
[PlyCount "108"]
[EventDate "2022.09.18"]
[EventType "team-tourn"]
[EventRounds "11"]
[EventCountry "GER"]
[SourceTitle "EXT 2025"]
[Source "ChessBase"]
[SourceDate "2024.10.14"]
[SourceVersion "1"]
[SourceVersionDate "2024.10.14"]
[SourceQuality "1"]
[WhiteTeam "Stadtilm Blau Weiss"]
[BlackTeam "Gernsheim"]
[WhiteTeamCountry "GER"]
[BlackTeamCountry "GER"]

1. d4 d5 2. c4 c6 3. Nf3 Nf6 4. Qc2 g6 5. Bf4 Bg7 6. e3 0-0 7. Nbd2 Nbd7 8. h3 c5 9. dxc5 Nxc5 10. cxd5 Qxd5 11. b4 Na6 12. a3 b5 13. Qd3 Bd7 14. Qxd5 Nxd5 15. Be5 f6 16. Bb2 Rac8 17. Bd3 Rfd8 18. 0-0 e5 19. Rac1 Nb6 20. Rfd1 Bc6 21. Bb1 Bd5 22. Bd3 Bc6 23. Bb1 Kf8 24. h4 Ke7 25. h5 Be8 26. Be4 Nb8 27. Ba1 f5 28. Bb1 Nc6 29. Ng5 h6 30. Ngf3 Bf6 31. hxg6 Bxg6 32. e4 fxe4 33. Nxe4 Bxe4 34. Bxe4 Nd4 35. Nxd4 exd4 36. Rxc8 Nxc8 37. Bc6 Nd6 38. Bxd4 Bxd4 39. Rxd4 Rc8 40. Bf3 Rc3 41. Rh4 Rxa3 42. Rxh6 a6 43. Rh7+ Ke6 44. Rc7 Ra4 45. Rc6 Kd7 46. Bd5 Nf5 47. Rf6 Nd6 48. Rf4 a5 49. g4 Rxb4 50. Rxb4 axb4 51. Kf1 Nc4 52. Ke2 Kd6 53. Bxc4 bxc4 54. f4 Ke6 1/2-1/2

[Event "Oberliga Ost-B 2122"]
[Site "Germany"]
[Date "2022.05.21"]
[Round "4.4"]
[White "Nguyen, Ha Thanh"]
[Black "Dietz, Holger"]
[Result "0-1"]
[WhiteElo "1954"]
[BlackElo "2293"]
[PlyCount "112"]
[EventDate "2021.10.10"]
[EventType "team-tourn"]
[EventRounds "11"]
[EventCountry "GER"]
[SourceTitle "EXT 2023"]
[Source "ChessBase"]
[SourceDate "2022.10.05"]
[SourceVersion "1"]
[SourceVersionDate "2022.10.05"]
[SourceQuality "1"]
[WhiteTeam "Erfurt Medizin"]
[BlackTeam "Gernsheim"]
[WhiteTeamCountry "GER"]
[BlackTeamCountry "GER"]

1. e4 c5 2. Nf3 Nc6 3. d4 cxd4 4. Nxd4 e5 5. Nb5 d6 6. N1c3 a6 7. Na3 Be6 8. Nc4 Nf6 9. Bg5 Rc8 10. Bxf6 gxf6 11. Ne3 Bh6 12. Ncd5 Bxe3 13. Nxe3 Qb6 14. b3 Qb4+ 15. Qd2 Qxe4 16. Qxd6 f5 17. Bd3 Qb4+ 18. Qxb4 Nxb4 19. Ke2 f4 20. Nf5 Bxf5 21. Bxf5 Rc7 22. Rhc1 0-0 23. c3 Nd5 24. c4 Ne7 25. Bh3 Nc6 26. g3 Nd4+ 27. Kf1 f3 28. Rc3 f5 29. Re1 Re7 30. Rd3 Rfe8 31. Red1 h5 32. Ke1 Kg7 33. Kd2 Kf6 34. Bf1 Rd8 35. Kc3 Red7 36. R3d2 b5 37. cxb5 axb5 38. Kb2 b4 39. Bc4 e4 40. Bb5 Rd6 41. Bc4 Ke5 42. Rc1 h4 43. a4 Nc6 44. Rxd6 Rxd6 45. Kc2 Na5 46. Bb5 Rd5 47. Re1 f4 48. gxf4+ Kxf4 49. Re3 Rc5+ 50. Kd2 Rg5 51. h3 Rg1 52. Bc4 Nxc4+ 53. bxc4 Rf1 54. Rb3 Rxf2+ 55. Ke1 Re2+ 56. Kd1 Ra2 0-1

[Event "Oberliga Ost-B 2122"]
[Site "Germany"]
[Date "2022.05.01"]
[Round "3.4"]
[White "Kaliski, Erwin"]
[Black "Dietz, Holger"]
[Result "1-0"]
[WhiteElo "2178"]
[BlackElo "2293"]
[PlyCount "93"]
[EventDate "2021.10.10"]
[EventType "team-tourn"]
[EventRounds "11"]
[EventCountry "GER"]
[SourceTitle "EXT 2023"]
[Source "ChessBase"]
[SourceDate "2022.10.05"]
[SourceVersion "1"]
[SourceVersionDate "2022.10.05"]
[SourceQuality "1"]
[WhiteTeam "Bad Homburg"]
[BlackTeam "Gernsheim"]
[WhiteTeamCountry "GER"]
[BlackTeamCountry "GER"]

1. e4 c5 2. Nf3 Nc6 3. d4 cxd4 4. Nxd4 e5 5. Nb5 d6 6. c4 Be6 7. N1c3 a6 8. Na3 Nf6 9. Be2 g6 10. 0-0 Bg7 11. Be3 0-0 12. Qd2 Ne8 13. Rad1 f5 14. f4 Rc8 15. exf5 gxf5 16. Bh5 Nd4 17. Nd5 Bxd5 18. cxd5 Nf6 19. fxe5 dxe5 20. Bxd4 Nxh5 21. Bc3 Qd7 22. Qg5 Rxc3 23. bxc3 Nf4 24. Nc4 Qc7 25. Ne3 h6 26. Qh4 Qxc3 27. Qe1 Qc5 28. Qd2 Ng6 29. d6 Kh7 30. d7 f4 31. d8Q Rxd8 32. Qxd8 fxe3 33. Rc1 Qd4 34. Rfd1 Qb2 35. Qd3 Qf2+ 36. Kh1 h5 37. Rc2 Qf4 38. Re2 Bh6 39. Qd7+ Kg8 40. Qe6+ Kh7 41. Rd7+ Bg7 42. Qf7 Qxf7 43. Rxf7 Kg8 44. Rxb7 Bh6 45. Rb6 Kh7 46. Rxa6 Nh4 47. Rxh6+ 1-0

[Event "Oberliga Ost-B 2122"]
[Site "Germany"]
[Date "2022.04.03"]
[Round "11.4"]
[White "Dietz, Holger"]
[Black "Dorst, Johannes"]
[Result "1/2-1/2"]
[WhiteElo "2293"]
[BlackElo "2235"]
[PlyCount "209"]
[EventDate "2021.10.10"]
[EventType "team-tourn"]
[EventRounds "11"]
[EventCountry "GER"]
[SourceTitle "EXT 2023"]
[Source "ChessBase"]
[SourceDate "2022.10.05"]
[SourceVersion "1"]
[SourceVersionDate "2022.10.05"]
[SourceQuality "1"]
[WhiteTeam "Gernsheim"]
[BlackTeam "Marburg"]
[WhiteTeamCountry "GER"]
[BlackTeamCountry "GER"]

1. b3 c5 2. Bb2 Nc6 3. e3 e6 4. Nf3 Nf6 5. d4 cxd4 6. exd4 Be7 7. a3 0-0 8. Bd3 a6 9. 0-0 b5 10. Re1 Qc7 11. Nbd2 b4 12. Nc4 bxa3 13. Bxa3 Bxa3 14. Rxa3 Nb4 15. Na5 Nxd3 16. Qxd3 d6 17. Qc4 Qb6 18. Rea1 Re8 19. Ra4 Bd7 20. Rb4 Bb5 21. Qc3 Nd5 22. Qd2 Nxb4 23. Qxb4 Qc7 24. c4 Bd7 25. Qc3 h6 26. h3 Rab8 27. Ne1 Qd8 28. Nd3 Qg5 29. f4 Qg3 30. Rf1 Qh4 31. Rf3 Rec8 32. Kh2 Qf6 33. Nf2 Qf5 34. Ng4 h5 35. Ne3 Qe4 36. b4 h4 37. d5 Rc7 38. Nb3 Bb5 39. Nd2 Qg6 40. Qd4 Be8 41. dxe6 Qxe6 42. Nd5 Rcb7 43. Re3 Qh6 44. f5 Bc6 45. Ne7+ Rxe7 46. Rxe7 Qg5 47. Re2 Qg3+ 48. Kg1 Rxb4 49. Qa1 Ra4 50. Qb2 Ra5 51. Nf1 Qf4 52. Rf2 Qe5 53. Qb6 Rc5 54. Qd8+ Qe8 55. Qxh4 f6 56. Qd4 Qe5 57. Qxe5 Rxe5 58. g4 d5 59. cxd5 Rxd5 60. Rc2 Bb5 61. Ng3 Rd7 62. Rc8+ Kh7 63. Nh5 Rd4 64. Kf2 Rc4 65. Ra8 Rc2+ 66. Kg3 Rc3+ 67. Kf2 Rf3+ 68. Kg2 Rxf5 69. Ra7 Rxh5 70. gxh5 Be2 71. Kg3 Bxh5 72. Rxa6 Be2 73. Re6 Bd3 74. Re7 Kh6 75. Rf7 Bc4 76. Rf8 Kg6 77. Kf4 Bf1 78. h4 Be2 79. Ke3 Bd1 80. Ke4 Bc2+ 81. Kd5 Kf5 82. Kd6 Kg4 83. Rf7 g5 84. hxg5 Kxg5 85. Ke7 f5 86. Rg7+ Kf4 87. Kf6 Be4 88. Rg8 Bd5 89. Rd8 Be4 90. Rd4 Ke3 91. Ke5 Kf3 92. Ra4 Ke3 93. Ra1 Kf3 94. Rg1 Kf2 95. Rg8 Kf3 96. Rh8 Kg3 97. Rh7 Kg4 98. Rg7+ Kf3 99. Rg6 Bc2 100. Rc6 Bd3 101. Rd6 Be4 102. Ra6 Bd3 103. Ra3 Ke3 104. Rxd3+ Kxd3 105. Kxf5 1/2-1/2

[Event "Oberliga Ost-B 2122"]
[Site "Germany"]
[Date "2021.10.10"]
[Round "1.3"]
[White "Dietz, Holger"]
[Black "Legde, Georg"]
[Result "1/2-1/2"]
[WhiteElo "2293"]
[BlackElo "2319"]
[PlyCount "68"]
[EventDate "2021.10.10"]
[EventType "team-tourn"]
[EventRounds "11"]
[EventCountry "GER"]
[SourceTitle "EXT 2023"]
[Source "ChessBase"]
[SourceDate "2022.10.05"]
[SourceVersion "1"]
[SourceVersionDate "2022.10.05"]
[SourceQuality "1"]
[WhiteTeam "Gernsheim"]
[BlackTeam "Moerlenbach Birkenau"]
[WhiteTeamCountry "GER"]
[BlackTeamCountry "GER"]

1. e4 c5 2. Nf3 e6 3. g3 Nc6 4. Bg2 d5 5. exd5 exd5 6. d4 Nf6 7. 0-0 Be7 8. dxc5 Bxc5 9. Nbd2 0-0 10. Nb3 Bb6 11. Nfd4 Bg4 12. f3 Bf5 13. Be3 Re8 14. Bf2 Bg6 15. Nxc6 bxc6 16. Qd2 Bxf2+ 17. Rxf2 Qb6 18. Qd4 Qxd4 19. Nxd4 c5 20. Nb3 Rac8 21. c3 Kf8 22. Rd2 Red8 23. Rad1 Bf5 24. Kf2 h5 25. h4 Be6 26. Bf1 Ke7 27. Nc1 Rd6 28. Ne2 Rb6 29. Nf4 a5 30. Re2 a4 31. Bh3 Rd8 32. Rdd2 Rdd6 33. Nd3 Rbc6 34. Nf4 Rb6 1/2-1/2

[Event "Oberliga Ost-B 1920"]
[Site "Germany"]
[Date "2021.07.18"]
[Round "11.2"]
[White "Dietz, Holger"]
[Black "Heinz, Axel"]
[Result "1/2-1/2"]
[WhiteElo "2287"]
[BlackElo "2441"]
[PlyCount "57"]
[EventDate "2019.09.29"]
[EventType "team-tourn"]
[EventRounds "11"]
[EventCountry "GER"]
[SourceTitle "EXT 2023"]
[Source "ChessBase"]
[SourceDate "2022.10.05"]
[SourceVersion "1"]
[SourceVersionDate "2022.10.05"]
[SourceQuality "1"]
[WhiteTeam "Gernsheim"]
[BlackTeam "Oberursel"]
[WhiteTeamCountry "GER"]
[BlackTeamCountry "GER"]

1. e4 e5 2. Nf3 Nc6 3. Bc4 Bc5 4. c3 Nf6 5. d4 exd4 6. e5 d5 7. Bb5 Ne4 8. cxd4 Bb6 9. Nc3 0-0 10. Be3 Bg4 11. h3 Bh5 12. Bxc6 bxc6 13. 0-0 Nxc3 14. bxc3 Qe7 15. Qa4 Qe6 16. Ng5 Qd7 17. f4 f6 18. exf6 gxf6 19. Nf3 Rfe8 20. Rae1 Bg6 21. Nh4 Bd3 22. Rf3 Be4 23. Rg3+ Kh8 24. Qd1 Rg8 25. Rxg8+ Rxg8 26. Qh5 Qe8 27. Qh6 Qf8 28. Qh5 Qe8 29. Qh6 1/2-1/2

[Event "Oberliga Ost-B 1920"]
[Site "Germany"]
[Date "2021.07.17"]
[Round "10.2"]
[White "Nazarenus, Moritz"]
[Black "Dietz, Holger"]
[Result "1/2-1/2"]
[WhiteElo "2220"]
[BlackElo "2287"]
[PlyCount "92"]
[EventDate "2019.09.29"]
[EventType "team-tourn"]
[EventRounds "11"]
[EventCountry "GER"]
[SourceTitle "EXT 2023"]
[Source "ChessBase"]
[SourceDate "2022.10.05"]
[SourceVersion "1"]
[SourceVersionDate "2022.10.05"]
[SourceQuality "1"]
[WhiteTeam "Schoeneck"]
[BlackTeam "Gernsheim"]
[WhiteTeamCountry "GER"]
[BlackTeamCountry "GER"]

1. d4 d5 2. c4 c6 3. Nf3 Nf6 4. Nc3 a6 5. e3 Bf5 6. Nh4 Bg4 7. Qb3 b5 8. cxd5 cxd5 9. h3 Bc8 10. Bd3 Nc6 11. 0-0 e6 12. Nf3 Be7 13. Bd2 0-0 14. Rac1 Bb7 15. a3 Na5 16. Qa2 Nc4 17. Rfd1 Qb6 18. Be1 Rfc8 19. Nb1 a5 20. b3 Nd6 21. Ne5 b4 22. a4 Ba6 23. f3 Bxd3 24. Nxd3 Nd7 25. Bf2 h5 26. Qe2 h4 27. e4 dxe4 28. fxe4 Qb7 29. d5 exd5 30. exd5 Nf5 31. Rxc8+ Rxc8 32. Qf3 g6 33. Nb2 Rc2 34. Rd2 Rc1+ 35. Rd1 Rc2 36. Rd2 Rc1+ 37. Rd1 Rxd1+ 38. Qxd1 Bc5 39. Bxc5 Nxc5 40. Nc4 Ne4 41. Qd3 Qa7+ 42. Kh2 Qc7+ 43. Kg1 Qc5+ 44. Kh2 Qc7+ 45. Kg1 Qf4 46. Qf1 Qc7 1/2-1/2

[Event "Oberliga Ost-B 1920"]
[Site "Germany"]
[Date "2020.01.19"]
[Round "7.2"]
[White "Rolle, Eric"]
[Black "Dietz, Holger"]
[Result "1/2-1/2"]
[WhiteElo "2211"]
[BlackElo "2287"]
[PlyCount "56"]
[EventDate "2019.09.29"]
[EventType "team-tourn"]
[EventRounds "11"]
[EventCountry "GER"]
[SourceTitle "EXT 2021"]
[Source "ChessBase"]
[SourceDate "2020.10.23"]
[SourceVersion "1"]
[SourceVersionDate "2020.10.23"]
[SourceQuality "1"]
[WhiteTeam "Marburg"]
[BlackTeam "Gernsheim"]
[WhiteTeamCountry "GER"]
[BlackTeamCountry "GER"]

1. d4 d5 2. Nf3 Nf6 3. c4 c6 4. e3 a6 5. Be2 Bf5 6. 0-0 e6 7. Qb3 Ra7 8. Bd2 Nbd7 9. cxd5 exd5 10. a4 a5 11. Ne5 Qb6 12. Qxb6 Nxb6 13. Nc3 Bb4 14. f3 Bc2 15. Bd1 Bxd1 16. Rfxd1 0-0 17. b3 Re8 18. Rac1 Raa8 19. Nd3 Bd6 20. Ne2 Nbd7 21. Rc2 g6 22. Kf2 Nh5 23. g4 Ng7 24. Ng3 f5 25. g5 Ne6 26. f4 Kf7 27. h4 h5 28. Rdc1 Ra6 1/2-1/2

[Event "Oberliga Ost-B 1920"]
[Site "Germany"]
[Date "2019.12.07"]
[Round "4.2"]
[White "Tazbir, Marcin"]
[Black "Dietz, Holger"]
[Result "1-0"]
[WhiteElo "2509"]
[BlackElo "2287"]
[PlyCount "83"]
[EventDate "2019.09.29"]
[EventType "team-tourn"]
[EventRounds "11"]
[EventCountry "GER"]
[SourceTitle "EXT 2021"]
[Source "ChessBase"]
[SourceDate "2020.10.23"]
[SourceVersion "1"]
[SourceVersionDate "2020.10.23"]
[SourceQuality "1"]
[WhiteTeam "Griesheim"]
[BlackTeam "Gernsheim"]
[WhiteTeamCountry "GER"]
[BlackTeamCountry "GER"]

1. e4 c6 2. d4 d5 3. exd5 cxd5 4. Bd3 Nc6 5. c3 Qc7 6. Ne2 Bg4 7. 0-0 e6 8. Qe1 Bd6 9. Ng3 Nge7 10. f3 Bxg3 11. Qxg3 Qxg3 12. hxg3 Bf5 13. Be2 f6 14. g4 Bxb1 15. Rxb1 e5 16. dxe5 fxe5 17. c4 0-0-0 18. Re1 Rhe8 19. b4 e4 20. b5 Nd4 21. Bf1 Ng6 22. Bb2 dxc4 23. Rbc1 Nxb5 24. Rxc4+ Nc7 25. Rcxe4 Rxe4 26. Rxe4 Rd2 27. Bxg7 Rxa2 28. f4 Rd2 29. f5 Rd7 30. Bd4 Ne7 31. Bxa7 Ned5 32. Bd4 Rf7 33. Bc4 Kd7 34. Re5 Kd6 35. g5 b5 36. Bb3 Rf8 37. f6 Rf7 38. Re1 Rf8 39. Be5+ Kc6 40. Bxc7 Nxc7 41. Re7 Rh8 42. Rxh7 1-0

[Event "Oberliga Ost-B 1920"]
[Site "Germany"]
[Date "2019.11.17"]
[Round "3.2"]
[White "Dietz, Holger"]
[Black "Hermannsdoerfer, Frank"]
[Result "0-1"]
[WhiteElo "2287"]
[BlackElo "2155"]
[PlyCount "92"]
[EventDate "2019.09.29"]
[EventType "team-tourn"]
[EventRounds "11"]
[EventCountry "GER"]
[SourceTitle "EXT 2021"]
[Source "ChessBase"]
[SourceDate "2020.10.23"]
[SourceVersion "1"]
[SourceVersionDate "2020.10.23"]
[SourceQuality "1"]
[WhiteTeam "Gernsheim"]
[BlackTeam "Liebschwitz"]
[WhiteTeamCountry "GER"]
[BlackTeamCountry "GER"]

1. e4 d6 2. d4 Nf6 3. f3 e5 4. d5 Be7 5. Be3 c5 6. Qd2 Na6 7. Bb5+ Bd7 8. a4 Nc7 9. Bxd7+ Qxd7 10. Ne2 h5 11. 0-0 b5 12. axb5 Nxb5 13. c3 0-0 14. Qd3 Nc7 15. Nd2 a5 16. Ra2 Rfb8 17. Rfa1 a4 18. Nc1 Nh7 19. Qc2 Bg5 20. Bxg5 Nxg5 21. Nd3 f5 22. Rxa4 fxe4 23. Rxa8 Nxa8 24. Nxe4 Nxe4 25. fxe4 Qg4 26. Nf2 Qg5 27. Qe2 Nc7 28. Rb1 Nb5 29. Rf1 Nc7 30. Nd1 Rf8 31. Rxf8+ Kxf8 32. Qe3 Qg6 33. Qf3+ Kg8 34. Ne3 Qg5 35. Qg3 Qh6 36. h4 Ne8 37. Kh2 Nf6 38. Nf5 Qh7 39. Nxd6 Ng4+ 40. Kh3 Qh6 41. Qf3 Qxd6 42. Qf5 g6 43. Qc8+ Kg7 44. Qb7+ Kh6 45. Qc6 Qf8 46. d6 Qf4 0-1

[Event "Oberliga Ost-B 1819"]
[Site "Germany"]
[Date "2019.03.23"]
[Round "8.5"]
[White "Dietz, Holger"]
[Black "Siebarth, Marco"]
[Result "1/2-1/2"]
[WhiteElo "2310"]
[BlackElo "1986"]
[PlyCount "117"]
[EventDate "2018.10.21"]
[EventType "team-tourn"]
[EventRounds "11"]
[EventCountry "GER"]
[SourceTitle "EXT 2020"]
[Source "ChessBase"]
[SourceDate "2019.10.17"]
[SourceVersion "1"]
[SourceVersionDate "2019.10.17"]
[SourceQuality "1"]
[WhiteTeam "Griesheim II"]
[BlackTeam "Stadtilm Blau Weiss"]
[WhiteTeamCountry "GER"]
[BlackTeamCountry "GER"]

1. e4 c5 2. Nf3 Nc6 3. Bb5 Na5 4. c3 a6 5. Ba4 e6 6. 0-0 b5 7. Bc2 d6 8. d4 cxd4 9. cxd4 Nf6 10. Bg5 Be7 11. Qd3 Bb7 12. Nbd2 h6 13. Bh4 Nc6 14. a3 Nh5 15. Bxe7 Qxe7 16. e5 dxe5 17. dxe5 Nf4 18. Qe3 Nd5 19. Qe4 Nb6 20. Rac1 Na5 21. Qd4 Nac4 22. Ne4 Bxe4 23. Qxe4 Nd5 24. Bb3 Ncb6 25. Bc2 g6 26. h4 h5 27. Rfd1 Rc8 28. Bd3 Rxc1 29. Rxc1 Kd7 30. Ng5 Rc8 31. Rd1 Nc4 32. Qe2 Ke8 33. Be4 Nxe5 34. Bxd5 exd5 35. Re1 f6 36. f4 fxg5 37. Qxe5 Qxe5 38. Rxe5+ Kf7 39. hxg5 Rc1+ 40. Kh2 Rd1 41. f5 gxf5 42. Rxf5+ Kg6 43. Rf6+ Kxg5 44. Rxa6 Kf4 45. Rb6 d4 46. Rxb5 d3 47. Rb8 d2 48. Rd8 Ke3 49. Re8+ Kd3 50. Rd8+ Kc2 51. Rc8+ Kxb2 52. Rd8 Kxa3 53. Kg3 h4+ 54. Kf2 Kb4 55. Ke3 h3 56. gxh3 Rh1 57. Rd4+ Kc3 58. Rd3+ Kc4 59. Rxd2 1/2-1/2

[Event "Hessenliga 1718"]
[Site "Hessen"]
[Date "2017.12.03"]
[Round "4.4"]
[White "Dietz, Holger"]
[Black "Konrad, Lutz"]
[Result "1-0"]
[WhiteElo "2310"]
[BlackElo "2173"]
[PlyCount "137"]
[EventDate "2017.09.17"]
[EventType "team-tourn"]
[EventRounds "9"]
[EventCountry "GER"]
[SourceTitle "CBM 189 Extra"]
[Source "ChessBase"]
[SourceDate "2019.05.31"]
[SourceVersion "1"]
[SourceVersionDate "2019.05.31"]
[SourceQuality "1"]
[WhiteTeam "Griesheim II"]
[BlackTeam "Giessen"]
[WhiteTeamCountry "GER"]
[BlackTeamCountry "GER"]

1. e4 g6 2. d4 Bg7 3. c3 d5 4. exd5 Qxd5 5. Nf3 c6 6. Bf4 Bg4 7. Nbd2 Nh6 8. Bc4 Qf5 9. Bg3 Qc8 10. h3 Be6 11. 0-0 Bxc4 12. Nxc4 0-0 13. Re1 Re8 14. Qb3 Nd7 15. Re2 b5 16. Ncd2 Nf6 17. Rae1 e6 18. Ng5 Nf5 19. Bh2 h6 20. Ngf3 Qd7 21. a4 a6 22. Ne5 Qd5 23. Qxd5 cxd5 24. g4 Ne7 25. Ra1 Rec8 26. f3 Ne8 27. Nb3 Bxe5 28. Bxe5 Nc6 29. Bg3 Kf8 30. Nc5 b4 31. Nd7+ Ke7 32. Nb6 b3 33. a5 Rd8 34. Nxa8 Rxa8 35. Ra3 Ra7 36. Rxb3 Nxa5 37. Ra3 Nc4 38. Ra4 Ned6 39. b3 Nb6 40. Bxd6+ Kxd6 41. Ra5 Kc7 42. Kf2 Nd7 43. Rea2 Nb8 44. Ke3 Rb7 45. R2a3 Rb6 46. Kd3 Kb7 47. c4 dxc4+ 48. bxc4 Rb1 49. d5 exd5 50. cxd5 Rb4 51. R5a4 Rb6 52. Rf4 f6 53. Kc4 Nd7 54. Rb3 Rxb3 55. Kxb3 Kc7 56. Kc3 Kd6 57. Kd4 g5 58. Re4 Ne5 59. Re3 a5 60. Ra3 a4 61. Rc3 Kd7 62. Kc5 Ng6 63. Ra3 Ne5 64. Rxa4 Nxf3 65. Ra7+ Ke8 66. d6 Ne5 67. Re7+ Kd8 68. Rxe5 fxe5 69. Kd5 1-0

[Event "Hessenliga 1314"]
[Site "Germany"]
[Date "2013.09.29"]
[Round "1.4"]
[White "Krahe, Frank"]
[Black "Dietz, Holger"]
[Result "1/2-1/2"]
[WhiteElo "2192"]
[BlackElo "2310"]
[PlyCount "24"]
[EventDate "2013.09.29"]
[EventType "team-tourn"]
[EventRounds "9"]
[EventCountry "GER"]
[SourceTitle "EXT 2015"]
[Source "ChessBase"]
[SourceDate "2014.11.20"]
[SourceVersion "1"]
[SourceVersionDate "2014.11.20"]
[SourceQuality "1"]
[WhiteTeam "Dotzheim"]
[BlackTeam "Griesheim II"]
[WhiteTeamCountry "GER"]
[BlackTeamCountry "GER"]

1. e4 d5 2. exd5 Qxd5 3. Nc3 Qd6 4. d4 c6 5. Nf3 Nf6 6. h3 Bf5 7. Bd3 Bxd3 8. Qxd3 Nbd7 9. 0-0 e6 10. Re1 Qc7 11. Ne4 Be7 12. Bd2 0-0 1/2-1/2

[Event "Hessenliga 1213"]
[Site "Germany"]
[Date "2012.12.02"]
[Round "4.3"]
[White "Dietz, Holger"]
[Black "Dunsbach, Ralf"]
[Result "1/2-1/2"]
[WhiteElo "2310"]
[BlackElo "2179"]
[PlyCount "69"]
[EventDate "2012.09.16"]
[EventType "team-tourn"]
[EventRounds "9"]
[EventCountry "GER"]
[SourceTitle "EXT 2014"]
[Source "ChessBase"]
[SourceDate "2013.11.20"]
[SourceVersion "1"]
[SourceVersionDate "2013.11.20"]
[SourceQuality "1"]
[WhiteTeam "Griesheim II"]
[BlackTeam "Bad Homburg"]
[WhiteTeamCountry "GER"]
[BlackTeamCountry "GER"]

1. e4 e5 2. Nf3 Nc6 3. Bb5 a6 4. Ba4 Nf6 5. 0-0 Be7 6. Bxc6 dxc6 7. d3 Qd6 8. Nbd2 Be6 9. b3 Nd7 10. a4 c5 11. Bb2 0-0 12. Nc4 Bxc4 13. bxc4 Rfd8 14. Bc3 Bf6 15. Ra3 Qc6 16. Qa1 Re8 17. a5 Rab8 18. Rb1 g6 19. Nd2 Bg5 20. Nf3 Bf6 21. Rab3 Bg7 22. Nd2 Bh6 23. Nf1 Bf4 24. Re1 f6 25. Ne3 Bxe3 26. Rxe3 Ra8 27. g3 b5 28. axb6 cxb6 29. Rb1 b5 30. f4 bxc4 31. fxe5 Nxe5 32. Qa2 Qe6 33. Bxe5 fxe5 34. Qxc4 Qxc4 35. dxc4 1/2-1/2